00419nam a2200157Ia 4500008004100000100001900041245005600060245001800116260002400134260000900158300002300167440003300190650001000223650001400233650001400247190717s9999 xx 000 0 und d aRomero, Alexis aEnabling law needed for medical marijuana research/ cAlexis Romero bThe Philippine Star c2019 aPage 3, January 17 aThe Philippine Starv33: 174 adrugs amarijuana aMedicine